Castles of Switzerland - Statistics

General Stats
  • This quiz has been taken 17 times
  • The average score is 8 of 28
Answer Stats
Picture Answer % Correct
Chillon
75%
Lenzburg
75%
Habsburg
58%
Bellinzona
50%
Sargans
50%
Thun
50%
Burgdorf
42%
Stockalp
42%
Wildegg
42%
Yverdon
42%
Kyburg
33%
Morges
33%
Romont
33%
Zug
33%
Gruyères
25%
Hallwyl
25%
Frauenfeld
17%
Jegenstorf
17%
Oberhofen
17%
Spiez
17%
Werdenberg
17%
Grandson
8%
Prangins
8%
Waldegg
8%
A Pro
0%
Heidegg
0%
Hünegg
0%
Landshut
0%
No matching quizzes found
Score Distribution
Percent of People with Each Score
Percentile by Number Answered
Your Score History
You have not taken this quiz